000 005160000a22001930004500
041 0 _aSPA
082 0 4 _aG 261.21 V498p
100 1 _aVergés, Salvador
245 1 0 _aEl problema de Dios en Cien Años de Soledad / Salvador Verges
250 _a2
260 _aBogotá, Colombia : Paulinas
300 _a79 Pag
440 0 _aColección Hagamos al Hombre; No. 5
001 6769
942 _cBK
999 _c37034
_d37034
336 _atexto
_btxt
_2rdacontent
337 _2rdamedia
_asin mediación
_bn
338 _2rdacarrier
_avolumen
_bnc